书目信息 |
| 题名: |
出入境检验检疫法律基础教材
|
|
| 作者: | ;国家质检总局 编 | |
| 分册: | ||
| 出版信息: | 北京 中国质检出版社 2015 |
|
| 页数: | 430页 | |
| 开本: | 24cm | |
| 丛书名: | 质检普法丛书 | |
| 单 册: | ||
| 中图分类: | D922.161 | |
| 科图分类: | ||
| 主题词: | 国境检疫--Guo Jing Jian Yi--卫生法--中国--教材 | |
| 电子资源: | ||
| ISBN: | 978-7-5026-4023-1 | |
| 000 | 00998nam0 22002531 450 | |
| 001 | 349660 | |
| 005 | 20161008165405.32 | |
| 010 | @a978-7-5026-4023-1@dCNY66.00 | |
| 100 | @a20150630d2015 em y0chiy50 ea | |
| 101 | 0 | @achi |
| 102 | @aCN@b110000 | |
| 105 | @ay z 000yy | |
| 106 | @ar | |
| 200 | 1 | @a出入境检验检疫法律基础教材@AChu Ru Jing Jian Yan Jian Yi Fa Lv Ji Chu Jiao Cai@f国家质量监督检验检疫总局法规司编 |
| 210 | @a北京@c中国质检出版社@c中国标准出版社@d2015 | |
| 215 | @a430页@d24cm | |
| 225 | 2 | @a质检普法丛书@AZhi Jian Pu Fa Cong Shu@f许新建主编 |
| 330 | @a本书分为出入境检验检疫基础法律制度、出入境检验检疫行政执法法律制度、检验检疫相关的法律制度三部分 ,按照概念、法律制度及法律责任逻辑关系开展的。 | |
| 461 | 0 | @12001 @a质检普法丛书@f许新建主编 |
| 606 | 0 | @a国境检疫@AGuo Jing Jian Yi@x卫生法@y中国@j教材 |
| 690 | @aD922.161@v5 | |
| 711 | 02 | @a国家质检总局@AGuo Jia Zhi Jian Zong Ju@b法规司@4编 |
| 801 | 0 | @aCN@bTANGWEI@20160730 |
| 905 | @b0886125-9@dD922.161@e1296@f5 | |
| 出入境检验检疫法律基础教材/国家质量监督检验检疫总局法规司编 .-北京:中国质检出版社:中国标准出版社,2015 |
| 430页;24cm.-(质检普法丛书/许新建主编) |
| ISBN 978-7-5026-4023-1:CNY66.00 |
| 本书分为出入境检验检疫基础法律制度、出入境检验检疫行政执法法律制度、检验检疫相关的法律制度三部分 ,按照概念、法律制度及法律责任逻辑关系开展的。 |
| ● |
| 相关链接 |
|
|
|
|
正题名:出入境检验检疫法律基础教材
索取号:D922.161/1296
 
预约/预借
| 序号 | 登录号 | 条形码 | 馆藏地/架位号 | 状态 | 备注 |
| 1 | 0886125 | 208861258 | 第一样本阅览室/ [索取号:D922.161/1296] | 在馆 | |
| 2 | 0886126 | 208861267 | 第一借阅区/ [索取号:D922.161/1296] | 在馆 | |
| 3 | 0886127 | 208861276 | 密集书库-史法系/ [索取号:D922.161/1296] | 在馆 | |
| 4 | 0886128 | 208861285 | 第一借阅区/ [索取号:D922.161/1296] | 在馆 | |
| 5 | 0886129 | 208861294 | 第一借阅区/ [索取号:D922.161/1296] | 在馆 |